04112aam a22003731i 4500001001900000003000600019005001700025006001900042007001500061008004100076015001900117020003700136035002500173035002100198035001800219037003000237040004800267041001200315050002400327100003100351245006200382250002200444250002000466264005700486300002300543500002200566500001300588505122300601520174801824650001303572650001803585650002603603856010903629991014726769707026UkOxU20250908131044.0m || d | cr |||||||||||210710s2022 enka o 001 0 eng d aGBC1D95412bnb a9781292410623q(electronic book) a022628484-44oxf_inst a(UkOxU)022628484 a(Uk)020294536 a9781292410623bPearson UK aYDXbengerdacYDXdYDXITdOCLCOdOCLCFdUk aEnglish 4aHG6024.A3bH85 2022 aHull, Johnd1946-eauthor.10aOptions, futures, and other derivatives c/ John C. Hull. aEleventh edition. aGlobal edition. 1aHarlow, Essex :bPearson Education Limited,c[2022]. a1 online resource. aIncludes indexes. aAcademic0 aFutures markets and central counterparties — Hedging strategies using futures — Interest rates — Determination of forward and futures prices — Interest rate futures — Swaps — Securitization and the financial crisis of 2007-8 — XVAs — Mechanics of options markets — Properties of stock options — Trading strategies involving options — Binomial trees — Wiener processes and Itô's lemma — The Black–Scholes–Merton model — Employee stock options — Options on stock indices and currencies — Futures options and Black's model — The Greek letters — Volatility smiles and volatility surfaces — Basic numerical procedures — Value at risk and expected shortfall — Estimating volatilities and correlations — Credit risk — Credit derivatives — Exotic options — More on models and numerical procedures — Martingales and measures — Interest rate derivatives: The standard market models — Convexity, timing, and quanto adjustments — Equilibrium models of the short rate — No-arbitrage models of the short rate — Modeling forward rates — Swaps revisited — Energy and commodity derivatives — Real options — Derivatives mishaps and what we can learn from them. aBuild essential foundations around the derivatives market for your future career in finance with the definitive guide on the subject. Options, Futures, and Other Derivatives, Global Edition, 11th edition by John Hull, is the industry-leading, gold standard text for business and economics professionals. Ideal for students studying Business, Economics, and Financial Engineering and Mathematics, this edition gives you a modern look at the derivatives market by incorporating the industry's hottest topics, such as securitisation and credit crisis, bridging the gap between theory and practice. Written with the knowledge of how Maths can be a key challenge for this course, the text adopts a simple language that makes learning approachable, providing a clear explanation of ideas throughout the text. The latest edition covers the most recent regulations and trends, including the Black-Scholes-Merton formulas, overnight indexed swaps, and the valuation of commodity derivatives. Key features include: Tables, charts, examples, and market data discussions, reflecting current market conditions. A delicate balance between theory and practice with the use of mathematics, adding numerical examples for added clarity. Useful practice-focused resources to help students overcome learning obstacles. End-of-chapter problems reflecting contemporary key ideas to support your understanding of the topics based on the new reference rates. Whether you need an introductory guide to derivatives to support your existing knowledge in algebra and probability distributions, or useful study content to advance your understanding of stochastic processes, this must-have textbook will support your learning and understanding from theory to practice. 0aFutures. 0aStock options 0aDerivative securities uhttps://bibliotheque.tbs-education.fr/Default/doc/SYRACUSE/3386418/options-futures-and-other-derivatives